=LDR 00000nam 2200000 4500 =001 000458 =005 20250711022224 =035 ##$$a 0010-0725000320 =007 ta =008 250711################a##########0#ind## =020 ##$$a 978-623-307-650-0 =082 ##$$a 398.280 2 =100 #$$a Graham,Katherine =245 1#$$a Ocehan Bayi /$c Katherine Graham =250 ##$$a pertama =260 ##$$a Jakarta :$b Badan Pengembangan dan Pembinaan Bahasa,$c 2022 =300 ##$$a 20hlm. : $b ilus. ; $c 22,9cm =650 #4$$a cerita anak terjemahan =650 #4$$a cerita anak terjemahan prancis =650 #4$$a literasi bahan bacaan =700 #$$a Nicola Smith =084 ##$$a 398.280 2 GRA o =990 ##$$a TBM202400208